LAW OF WRITS (Record no. 27721)

MARC details
000 -LEADER
fixed length control field 00331nam a22001577a 4500
003 - CONTROL NUMBER IDENTIFIER
control field SGT
020 ## - INTERNATIONAL STANDARD BOOK NUMBER
International Standard Book Number 9788170129233
082 ## - DEWEY DECIMAL CLASSIFICATION NUMBER
Classification number 347.012
Item number THA
100 ## - MAIN ENTRY--PERSONAL NAME
Personal name THAKKER C K
245 ## - TITLE STATEMENT
Title LAW OF WRITS
250 ## - EDITION STATEMENT
Edition statement 6
260 ## - PUBLICATION, DISTRIBUTION, ETC. (IMPRINT)
Place of publication, distribution, etc LUCKNOW
Name of publisher, distributor, etc EASTERN BOOK COMPANY
Year of Publication 2006
300 ## - PAGE DESCRIPTION
No. of Pages 1017
-- 2096
490 ## - SERIES STATEMENT
Series statement I-II
942 ## - ADDED ENTRY ELEMENTS (KOHA)
Source of classification or shelving scheme Dewey Decimal Classification
Koha item type Books
Holdings
Withdrawn status Lost status Source of classification or shelving scheme Damaged status Not for loan Collection code Home library Current library Shelving location Date acquired Cost, normal purchase price Volume Information (Serial or Books or Non-Book Material) SGTU Total Checkouts Full call number Accession No. (Barcode) Date last seen Bill Date Koha item type
    Dewey Decimal Classification     LAW SGT Science & Social Sciences Library SGT Science & Social Sciences Library Text Book 23/11/2024 1750.00 I SGTU   347.012 THA FL3509 23/11/2024 23/11/2024 Books
    Dewey Decimal Classification     LAW SGT Science & Social Sciences Library SGT Science & Social Sciences Library Text Book 23/11/2024 1750.00 II SGTU   347.012 THA FL3510 23/11/2024 23/11/2024 Books